Statistiques concernant Devine les drapeaux.

Cliquez ici pour prendre le quiz!

Statistiques générales

  • Ce quiz a été pris 124 fois
  • Le résultat moyen est 6 sur 10

Statistiques - réponses

Réponse% Correct
Saint-Marin
88%
Tchad
83%
Laos
80%
Liechtenstein
76%
Suriname
64%
Brunéi Darussalam
56%
Vanuatu
46%
Porto Rico
31%
Timor-Leste
14%
Hawaï
11%

Distribution des résultats

Percentile par nombre de réponses

% des personnes avec chaque résultat

Votre développement - résultats

Vous n’avez pas pris ce quiz